[Event "Oberliga Ost A"]
[Site "?"]
[Date "2022.11.27"]
[Round "5.3"]
[White "Melamed, Tatjana"]
[Black "Fischer, Edwin"]
[Result "0-1"]
[WhiteElo "2366"]
[BlackElo "2178"]
[PlyCount "140"]
[EventDate "2022.09.18"]
[EventType "team-tourn"]
[EventCountry "GER"]
[WhiteTeam "Reichenbrand SV Eiche"]
[BlackTeam "Magdeburg SG Aufbau Elbe"]
[WhiteTeamCountry "GER"]
[BlackTeamCountry "GER"]

1. e4 d5 2. exd5 Qxd5 3. Nc3 Qd8 4. d4 Nf6 5. Nf3 Bg4 6. h3 Bxf3 7. Qxf3 c6 8. Bf4 e6 9. O-O-O Bb4 10. a3 Bxc3 11. Qxc3 Nd5 12. Qg3 Nxf4 13. Qxf4 O-O 14. Bd3 Nd7 15. g4 Qb8 16. Qf3 Rd8 17. g5 e5 18. Bc4 Rf8 19. Qf5 Nb6 20. Bb3 exd4 21. Rxd4 Qc8 22. Qf3 c5 23. Rh4 c4 24. Qe4 g6 25. Bxc4 Nxc4 26. Qxc4 Qf5 27. Rf4 Qxg5 28. h4 Qg2 29. Rd1 Rac8 30. Qb3 Rc7 31. Kb1 Rfc8 32. Ka2 Qc6 33. c3 h5 34. Rfd4 Kg7 35. f4 Qe6 36. Qxe6 fxe6 37. Kb3 Kf6 38. c4 Kf5 39. Rg1 b6 40. Kc3 a6 41. b4 Rc6 42. a4 Kf6 43. Rg5 Rb8 44. Kd3 Rcc8 45. Ke4 b5 46. axb5 axb5 47. Rxb5 Rxb5 48. cxb5 Rb8 49. Kd3 Rxb5 50. Kc4 Rb8 51. b5 Kf5 52. Kc5 Kg4 53. b6 Kxh4 54. f5+ Kg5 55. fxe6 Kf6 56. Re4 Ke7 57. Kc6 h4 58. Kc7 Rh8 59. b7 h3 60. Re1 g5 61. Rd1 h2 62. Rd7+ Kxe6 63. Rd6+ Kf5 64. Rh6 Rxh6 65. b8=Q h1=Q 66. Qb5+ Kf4 67. Qb4+ Kf5 68. Qb5+ Kg4 69. Qd7+ Kh4 70. Qd4+ Kh5 0-1

[Event "Oberliga Ost A"]
[Site "?"]
[Date "2022.11.27"]
[Round "5.4"]
[White "Laemmel, Sebastian"]
[Black "Andre, Gordon"]
[Result "0-1"]
[WhiteElo "2117"]
[BlackElo "2355"]
[PlyCount "70"]
[EventDate "2022.09.18"]
[EventType "team-tourn"]
[EventCountry "GER"]
[WhiteTeam "Magdeburg SG Aufbau Elbe"]
[BlackTeam "Reichenbrand SV Eiche"]
[WhiteTeamCountry "GER"]
[BlackTeamCountry "GER"]

1. d4 Nf6 2. c4 c5 3. d5 e5 4. Nc3 d6 5. e4 Be7 6. Nf3 Nbd7 7. h3 O-O 8. Be3 Ne8 9. g4 g6 10. Bd3 Ng7 11. Qe2 a6 12. a4 Nf6 13. Kd2 Bd7 14. Kc2 Rb8 15. Nd2 Nfe8 16. Rag1 Qa5 17. b3 Qd8 18. h4 Nc7 19. Bh6 b5 20. axb5 axb5 21. g5 Na6 22. h5 Nb4+ 23. Kb2 Nxh5 24. Rxh5 gxh5 25. Bb1 Qa5 26. Qxh5 Ra8 27. Ba2 Qa3+ 28. Kb1 Nxa2 29. g6 Bf6 30. Bxf8 fxg6 31. Rxg6+ Kh8 32. Nxa2 Qxa2+ 33. Kc1 Qa1+ 34. Nb1 Ra2 35. Qd1 Qb2# 0-1

[Event "Oberliga Ost A"]
[Site "?"]
[Date "2022.11.27"]
[Round "5.5"]
[White "Paul, Johannes"]
[Black "Kyas, Juergen"]
[Result "1-0"]
[WhiteElo "2316"]
[BlackElo "2191"]
[PlyCount "79"]
[EventDate "2022.09.18"]
[EventType "team-tourn"]
[EventCountry "GER"]
[WhiteTeam "Reichenbrand SV Eiche"]
[BlackTeam "Magdeburg SG Aufbau Elbe"]
[WhiteTeamCountry "GER"]
[BlackTeamCountry "GER"]

1. c4 c5 2. Nf3 g6 3. d4 cxd4 4. Nxd4 Nc6 5. e4 Nf6 6. Nc3 d6 7. Be2 Nxd4 8. Qxd4 Bg7 9. Be3 O-O 10. Qd2 a5 11. f3 a4 12. Rc1 Qa5 13. Kf2 Rd8 14. Rhd1 Bd7 15. g4 Bc6 16. Nd5 Qxd2 17. Rxd2 Kf8 18. Nb6 Rab8 19. b4 axb3 20. axb3 Nd7 21. Ra2 Nxb6 22. Bxb6 Rdc8 23. h4 Ra8 24. Rcc2 e6 25. Ke3 d5 26. c5 dxe4 27. fxe4 Ke7 28. Bc7 f5 29. Bd6+ Kd7 30. e5 fxg4 31. Bxg4 Bd5 32. Bf3 Bh6+ 33. Ke2 Kc6 34. b4 Bxf3+ 35. Kxf3 Kb5 36. Ke4 Ra6 37. Rxa6 Kxa6 38. Ra2+ Kb5 39. Ra7 Kc6 40. Ra5 1-0

[Event "Oberliga Ost A"]
[Site "?"]
[Date "2022.11.27"]
[Round "5.6"]
[White "Waltenberger, Udo"]
[Black "Schoene, Maria"]
[Result "1/2-1/2"]
[WhiteElo "1996"]
[BlackElo "2191"]
[PlyCount "116"]
[EventDate "2022.09.18"]
[EventType "team-tourn"]
[EventCountry "GER"]
[WhiteTeam "Magdeburg SG Aufbau Elbe"]
[BlackTeam "Reichenbrand SV Eiche"]
[WhiteTeamCountry "GER"]
[BlackTeamCountry "GER"]

1. Nf3 g6 2. d4 Bg7 3. c4 Nf6 4. g3 O-O 5. Bg2 d6 6. O-O Nc6 7. Nc3 a6 8. b3 Rb8 9. d5 Na5 10. Bd2 c5 11. dxc6 Nxc6 12. Rc1 Bd7 13. Nd5 Ne4 14. Be3 b5 15. Nd4 Nxd4 16. Bxd4 Bxd4 17. Qxd4 Nc5 18. b4 Ne6 19. Qd2 Rc8 20. cxb5 axb5 21. Rxc8 Bxc8 22. Rc1 Re8 23. Qc3 Bd7 24. Nc7 Nxc7 25. Qxc7 Qxc7 26. Rxc7 Rd8 27. Ra7 Kf8 28. Ra8 Ke8 29. Rxd8+ Kxd8 30. Kf1 Kc7 31. Ke1 g5 32. Kd2 e5 33. e3 g4 34. f4 gxf3 35. Bxf3 Be6 36. a3 d5 37. Kc3 Kd6 38. Bd1 Bd7 39. Bc2 h6 40. Bd1 Ke6 41. Bg4+ f5 42. Bf3 Bc6 43. Kd2 Kd6 44. Bd1 d4 45. exd4 exd4 46. Be2 Ke5 47. Bd3 f4 48. Ke2 Be8 49. Kf3 Bh5+ 50. Kf2 Be8 51. Kf3 Bc6+ 52. Kf2 Bd7 53. Kf3 fxg3 54. hxg3 h5 55. Kf2 Be8 56. Kf3 Bc6+ 57. Kf2 Be8 58. Kf3 Bc6+ 1/2-1/2

[Event "Oberliga Ost A"]
[Site "?"]
[Date "2022.11.27"]
[Round "5.8"]
[White "Sambale, Ingo"]
[Black "Windelband, Jens"]
[Result "0-1"]
[WhiteElo "2099"]
[BlackElo "2043"]
[PlyCount "56"]
[EventDate "2022.09.18"]
[EventType "team-tourn"]
[EventCountry "GER"]
[WhiteTeam "Magdeburg SG Aufbau Elbe"]
[BlackTeam "Reichenbrand SV Eiche"]
[WhiteTeamCountry "GER"]
[BlackTeamCountry "GER"]

1. d4 d5 2. c4 e6 3. Nc3 c5 4. cxd5 exd5 5. e3 Nf6 6. Nf3 Nc6 7. Be2 cxd4 8. Nxd4 Bd6 9. O-O O-O 10. Nf3 a6 11. h3 Re8 12. Qc2 Bc7 13. Rd1 Qd6 14. Bf1 b5 15. Ne2 Bb7 16. g3 Rac8 17. Ned4 Nxd4 18. Nxd4 Ne4 19. Bg2 h5 20. Qe2 h4 21. Nf5 Qf6 22. Nxh4 d4 23. Rxd4 Bb6 24. Rd1 Nxg3 25. fxg3 Rxc1 26. Raxc1 Rxe3 27. Qc2 Rxg3+ 28. Kh1 Rxh3# 0-1

[Event "Oberliga Ost A"]
[Site "?"]
[Date "2023.02.04"]
[Round "6.1"]
[White "Cerveny, Martin"]
[Black "Mazur, Stefan"]
[Result "1-0"]
[WhiteElo "2397"]
[BlackElo "2440"]
[PlyCount "157"]
[EventDate "2022.09.18"]
[EventType "team-tourn"]
[EventCountry "GER"]
[WhiteTeam "Reichenbrand SV Eiche"]
[BlackTeam "Magdeburg SG Aufbau Elbe"]
[WhiteTeamCountry "GER"]
[BlackTeamCountry "GER"]

1. d4 Nf6 2. Nf3 g6 3. c4 Bg7 4. Nc3 O-O 5. Bg5 d6 6. e3 Nbd7 7. Be2 c6 8. Qc2 a6 9. a4 e5 10. O-O Re8 11. Bh4 Nf8 12. b4 Bf5 13. Qb3 h6 14. Rfd1 e4 15. Nd2 g5 16. Bg3 Ng6 17. c5 d5 18. b5 axb5 19. axb5 Qd7 20. Na4 Qe6 21. Nb6 Rxa1 22. Rxa1 Bg4 23. Bf1 Nh5 24. Bc7 Nhf4 25. Ra7 Ne2+ 26. Bxe2 Bxe2 27. Rxb7 Bxb5 28. Nxd5 Ra8 29. h3 Ra1+ 30. Kh2 Qf5 31. Bg3 h5 32. Nxe4 cxd5 33. Nd6 Qe6 34. Qxb5 h4 35. Qd7 hxg3+ 36. fxg3 Qxd7 37. Rxd7 Bf8 38. Nxf7 Be7 39. Nh6+ Kg7 40. Nf5+ Kf6 41. Rxd5 Re1 42. h4 Bf8 43. c6 Rc1 44. hxg5+ Kxg5 45. Nh4+ Kh6 46. Nxg6 Kxg6 47. Rd8 Be7 48. Rd7 Bg5 49. c7 Bxe3 50. d5 Kg5 51. Rg7+ Kf6 52. d6 Bg1+ 53. Kh3 Bb6 54. Re7 Kg5 55. g4 Rh1+ 56. Kg3 Rc1 57. Kf3 Rc5 58. Rg7+ Kf6 59. Re7 Kg5 60. Ke2 Kxg4 61. Kd3 Rc6 62. Ke4 Rc5 63. Rg7+ Kh5 64. g4+ Kh6 65. Re7 Kg6 66. g5 Kh5 67. Rg7 Ba5 68. Re7 Bb6 69. Kf4 Kg6 70. Re6+ Kf7 71. Re5 Bxc7 72. Re7+ Kf8 73. Rxc7 Rd5 74. Rd7 Ke8 75. Re7+ Kf8 76. Re6 Kf7 77. Rf6+ Kg7 78. Ke4 Rxg5 79. Rf3 1-0

[Event "Oberliga Ost A"]
[Site "?"]
[Date "2023.02.04"]
[Round "6.2"]
[White "Fuchs, Florian"]
[Black "Schnabel, Ralf"]
[Result "1-0"]
[WhiteElo "2338"]
[BlackElo "2224"]
[PlyCount "109"]
[EventDate "2022.09.18"]
[EventType "team-tourn"]
[EventCountry "GER"]
[WhiteTeam "Aue ESV Nickelhuette II"]
[BlackTeam "Reichenbrand SV Eiche"]
[WhiteTeamCountry "GER"]
[BlackTeamCountry "GER"]

1. e4 d5 2. exd5 Qxd5 3. Nc3 Qd6 4. d4 Nf6 5. Bg5 c6 6. Qd2 Bf5 7. Nge2 e6 8. f3 h6 9. Bf4 Qd8 10. Ng3 Bg6 11. Nge4 Nxe4 12. Nxe4 Be7 13. O-O-O Bxe4 14. fxe4 Bg5 15. g3 Nd7 16. Be2 Qe7 17. Qa5 O-O 18. h4 Bxf4+ 19. gxf4 c5 20. Qa3 Rfd8 21. e5 Qf8 22. dxc5 b6 23. Bf3 Rac8 24. c6 Qxa3 25. bxa3 Nc5 26. Rd6 Kf8 27. Rg1 g6 28. h5 gxh5 29. f5 exf5 30. Rf6 Ne6 31. Bxh5 Rc7 32. Bxf7 Rxf7 33. Rxe6 f4 34. Rxh6 Ke7 35. Rf1 f3 36. Kb2 Rd5 37. Rf6 Rb5+ 38. Kc3 Rxe5 39. Rxf7+ Kxf7 40. Rxf3+ Ke6 41. Rf4 Kd6 42. Rf7 a5 43. c7 Rc5+ 44. Kb3 Rxc7 45. Rxc7 Kxc7 46. Kc4 Kc6 47. a4 Kd6 48. Kb5 Kc7 49. Ka6 Kc6 50. a3 Kc7 51. Ka7 Kc6 52. Kb8 b5 53. axb5+ Kxb5 54. Ka7 a4 55. Kb7 1-0

[Event "Oberliga Ost A"]
[Site "?"]
[Date "2023.02.04"]
[Round "6.3"]
[White "Solberg, Joachim"]
[Black "Fischer, Edwin"]
[Result "1/2-1/2"]
[WhiteElo "2141"]
[BlackElo "2222"]
[PlyCount "48"]
[EventDate "2022.09.18"]
[EventType "team-tourn"]
[EventCountry "GER"]
[WhiteTeam "Reichenbrand SV Eiche"]
[BlackTeam "Aue ESV Nickelhuette II"]
[WhiteTeamCountry "GER"]
[BlackTeamCountry "GER"]

1. Nf3 d5 2. d4 Nc6 3. Bf4 Bg4 4. e3 e6 5. c4 Nf6 6. Nc3 Bb4 7. a3 Bxc3+ 8. bxc3 O-O 9. h3 Bxf3 10. Qxf3 Ne4 11. Bd3 Nxc3 12. O-O dxc4 13. Bxc4 Nd5 14. Bh2 Nb6 15. Ba2 Rc8 16. Rfd1 Qe7 17. Bb1 Rcd8 18. Ba2 Rd7 19. Rdc1 Qf6 20. Qe4 Qe7 21. Bg3 Nd5 22. Qb1 Nb6 23. Qe4 Nd5 24. Qb1 Nb6 1/2-1/2

[Event "Oberliga Ost A"]
[Site "?"]
[Date "2023.02.04"]
[Round "6.4"]
[White "Laemmel, Sebastian"]
[Black "Cerveny, Petr"]
[Result "1/2-1/2"]
[WhiteElo "2121"]
[BlackElo "2317"]
[PlyCount "90"]
[EventDate "2022.09.18"]
[EventType "team-tourn"]
[EventCountry "GER"]
[WhiteTeam "Aue ESV Nickelhuette II"]
[BlackTeam "Reichenbrand SV Eiche"]
[WhiteTeamCountry "GER"]
[BlackTeamCountry "GER"]

1. d4 Nf6 2. c4 g6 3. Nc3 Bg7 4. e4 d6 5. Nf3 O-O 6. Be2 e5 7. Be3 Nbd7 8. O-O Qe7 9. Qc2 c6 10. d5 c5 11. Kh1 Kh8 12. Nd2 Ng8 13. g4 Nb6 14. Rg1 a5 15. Bd3 f6 16. Nf1 Bh6 17. Qd2 Bg5 18. f3 Bd7 19. Re1 Be8 20. Re2 Kg7 21. h3 Nh6 22. h4 Bxe3 23. Nxe3 Nf7 24. Rh2 Bd7 25. Ne2 Rh8 26. Ng3 Kf8 27. Qf2 Ke8 28. Rf1 Rf8 29. Kg2 Kd8 30. b3 Kc7 31. Rb1 Ra7 32. a3 Rfa8 33. Qc2 Qf8 34. Kf2 Kd8 35. Ke2 Qh6 36. a4 Kc7 37. Rbh1 Qg7 38. Kd2 Rg8 39. Kc1 Raa8 40. Qd2 Nc8 41. Bf1 Ne7 42. Bh3 b6 43. Kc2 Raf8 44. Qd3 Kd8 45. Kb1 Kc7 1/2-1/2

[Event "Oberliga Ost A"]
[Site "?"]
[Date "2023.02.04"]
[Round "6.5"]
[White "Heinz, Thomas"]
[Black "Kyas, Juergen"]
[Result "1/2-1/2"]
[WhiteElo "2124"]
[BlackElo "2182"]
[PlyCount "93"]
[EventDate "2022.09.18"]
[EventType "team-tourn"]
[EventCountry "GER"]
[WhiteTeam "Reichenbrand SV Eiche"]
[BlackTeam "Aue ESV Nickelhuette II"]
[WhiteTeamCountry "GER"]
[BlackTeamCountry "GER"]

1. e4 c5 2. Nc3 Nc6 3. g3 g6 4. Bg2 Bg7 5. d3 d6 6. Be3 Nf6 7. h3 Rb8 8. Qd2 b5 9. f4 Nd7 10. Nf3 b4 11. Nd1 Nd4 12. O-O O-O 13. f5 Nxf3+ 14. Rxf3 Re8 15. Bh6 Bh8 16. Ne3 Ne5 17. Rf2 e6 18. Raf1 Rb7 19. c3 bxc3 20. bxc3 Qa5 21. Kh1 Rc7 22. fxg6 hxg6 23. Bf4 Ba6 24. Bxe5 Bxe5 25. Ng4 Bg7 26. Nf6+ Bxf6 27. Rxf6 Rce7 28. Qf4 Qc7 29. Qh6 e5 30. h4 Re6 31. R6f3 Qe7 32. Bh3 f5 33. Kh2 Bb7 34. R3f2 Rf8 35. h5 g5 36. Qxf8+ Qxf8 37. Rxf5 Qe7 38. Rf8+ Kg7 39. Bxe6 Qxe6 40. c4 Bc8 41. R1f5 Bd7 42. Kg2 Qe7 43. h6+ Kg6 44. h7 Qxh7 45. R5f6+ Kh5 46. R6f7 Qh6 47. Rf6 1/2-1/2

[Event "Oberliga Ost A"]
[Site "?"]
[Date "2023.02.04"]
[Round "6.6"]
[White "Fehlhammer, Michael"]
[Black "Heinz, Juergen"]
[Result "1/2-1/2"]
[WhiteElo "2145"]
[BlackElo "2154"]
[PlyCount "113"]
[EventDate "2022.09.18"]
[EventType "team-tourn"]
[EventCountry "GER"]
[WhiteTeam "Aue ESV Nickelhuette II"]
[BlackTeam "Reichenbrand SV Eiche"]
[WhiteTeamCountry "GER"]
[BlackTeamCountry "GER"]

1. e4 Nf6 2. e5 Nd5 3. d4 d6 4. Nf3 g6 5. Be2 Bg7 6. O-O O-O 7. c4 Nb6 8. Nc3 Nc6 9. exd6 cxd6 10. Be3 Bg4 11. b3 e6 12. Qd2 Re8 13. Rfd1 Ne7 14. h3 Bxf3 15. Bxf3 d5 16. c5 Nbc8 17. g4 Nc6 18. Bg2 b6 19. Na4 bxc5 20. Nxc5 Nd6 21. Rac1 Rc8 22. Qd3 h5 23. Qe2 hxg4 24. Qxg4 Nf5 25. Rd2 Qh4 26. Nd7 Qxg4 27. hxg4 Nfxd4 28. Bg5 Ne5 29. Rxc8 Rxc8 30. Rxd4 Nxd7 31. Ra4 Rc7 32. Be3 Nb6 33. Rb4 Rc6 34. a4 Bf8 35. Rb5 Bd6 36. a5 Nc8 37. Rb7 Rc7 38. Rxc7 Bxc7 39. b4 f5 40. gxf5 gxf5 41. Bf1 f4 42. Bc5 Bb8 43. Bb5 Kf7 44. Bd7 Nd6 45. b5 e5 46. Bxa7 Bxa7 47. b6 Bxb6 48. axb6 e4 49. Bc6 Ke6 50. b7 Nxb7 51. Bxb7 Ke5 52. Kf1 f3 53. Ke1 d4 54. Kd2 Kf4 55. Bc6 e3+ 56. fxe3+ dxe3+ 57. Ke1 1/2-1/2

[Event "Oberliga Ost A"]
[Site "?"]
[Date "2023.02.04"]
[Round "6.7"]
[White "Kunze, Kerstin"]
[Black "Sussbauer, Marco"]
[Result "1/2-1/2"]
[WhiteElo "2001"]
[BlackElo "1995"]
[PlyCount "48"]
[EventDate "2022.09.18"]
[EventType "team-tourn"]
[EventCountry "GER"]
[WhiteTeam "Reichenbrand SV Eiche"]
[BlackTeam "Aue ESV Nickelhuette II"]
[WhiteTeamCountry "GER"]
[BlackTeamCountry "GER"]

1. e4 c5 2. Nf3 Nc6 3. Bb5 g6 4. O-O Bg7 5. c3 e5 6. d4 exd4 7. cxd4 cxd4 8. Bf4 Nge7 9. e5 O-O 10. Nbd2 Qb6 11. Bd3 d5 12. exd6 Nd5 13. Bg3 Be6 14. Nc4 Qd8 15. a3 Re8 16. h3 Nb6 17. Ncd2 Bd5 18. Rc1 Bf8 19. Nc4 Nxc4 20. Bxc4 Bxc4 21. Rxc4 Bxd6 22. Nxd4 Bxg3 23. Nxc6 Qb6 24. Qd4 Qxd4 1/2-1/2

[Event "Oberliga Ost A"]
[Site "?"]
[Date "2023.02.04"]
[Round "6.8"]
[White "Waltenberger, Udo"]
[Black "Poessel, Christian"]
[Result "1/2-1/2"]
[WhiteElo "2002"]
[BlackElo "1996"]
[PlyCount "81"]
[EventDate "2022.09.18"]
[EventType "team-tourn"]
[EventCountry "GER"]
[WhiteTeam "Aue ESV Nickelhuette II"]
[BlackTeam "Reichenbrand SV Eiche"]
[WhiteTeamCountry "GER"]
[BlackTeamCountry "GER"]

1. c4 Nf6 2. Nc3 g6 3. g3 Bg7 4. Bg2 O-O 5. d4 d6 6. Nf3 Nc6 7. O-O a6 8. b3 Rb8 9. d5 Nxd5 10. cxd5 Bxc3 11. Bh6 Ne5 12. Bxf8 Bxa1 13. Bxe7 Qxe7 14. Qxa1 Nxf3+ 15. Bxf3 Bh3 16. Re1 f6 17. Qd4 b6 18. Rc1 a5 19. Rc3 Rf8 20. Bg4 Bxg4 21. Qxg4 f5 22. Qc4 Rf7 23. Re3 Qf8 24. Qf4 Re7 25. Rxe7 Qxe7 26. Qc4 Kf8 27. Kg2 Ke8 28. e3 Kd8 29. Qd4 Qe5 30. f3 Qxd4 31. exd4 Kd7 32. Kf2 c6 33. dxc6+ Kxc6 34. a4 b5 35. Ke3 bxa4 36. bxa4 Kd5 37. Kd3 g5 38. g4 f4 39. Kc3 Kc6 40. Kc4 d5+ 41. Kd3 1/2-1/2

[Event "Oberliga Ost A"]
[Site "?"]
[Date "2023.02.04"]
[Round "6.1"]
[White "Belous, Mikhail"]
[Black "Klimakovs, Sergejs"]
[Result "1/2-1/2"]
[WhiteElo "2375"]
[BlackElo "2333"]
[PlyCount "248"]
[EventDate "2022.09.18"]
[EventType "team-tourn"]
[EventCountry "GER"]
[WhiteTeam "Reichenbrand SV Eiche"]
[BlackTeam "Aue ESV Nickelhuette II"]
[WhiteTeamCountry "GER"]
[BlackTeamCountry "GER"]

1. d4 Nf6 2. c4 c5 3. d5 b5 4. cxb5 a6 5. bxa6 g6 6. Nc3 Bg7 7. e4 O-O 8. Nf3 Qa5 9. Bd2 Bxa6 10. Be2 d6 11. O-O Bxe2 12. Qxe2 Qa6 13. Qd1 Nbd7 14. Qc2 Rfb8 15. Rfb1 Ne8 16. a4 Nc7 17. b3 Rb7 18. Ra2 Rab8 19. Nd1 Qa7 20. Bc3 Bxc3 21. Nxc3 Rb4 22. Rab2 Nf6 23. Nd2 e6 24. dxe6 Nxe6 25. Nb5 Qe7 26. Nc4 d5 27. exd5 Nxd5 28. Qe4 Ndf4 29. g3 Nh3+ 30. Kf1 Nhg5 31. Qg2 Nd4 32. Nxd4 cxd4 33. Qd5 Rd8 34. Qe5 Ne6 35. Na5 d3 36. Rd1 Qa7 37. Kg1 Qa8 38. Nc4 Nd4 39. Rxd3 Nf3+ 40. Rxf3 Qxf3 41. Ne3 Re4 42. Qa5 Rd3 43. Rb1 Rexe3 44. fxe3 Qxe3+ 45. Kh1 Qe4+ 46. Kg1 h5 47. Re1 Qd4+ 48. Kh1 Qf2 49. Qa8+ Kh7 50. Rg1 Rxb3 51. a5 Rb2 52. Qg2 Qd4 53. Qc6 Ra2 54. a6 Qb2 55. Qg2 Qxg2+ 56. Rxg2 Ra1+ 57. Rg1 Rxa6 58. h4 Ra2 59. Rb1 Kg7 60. Rb6 Rd2 61. Kg1 Kf8 62. Rb7 Ke8 63. Ra7 Kf8 64. Rb7 Kg7 65. Rb6 Re2 66. Ra6 Re6 67. Ra7 Kf6 68. Kf2 Re7 69. Ra5 Re5 70. Ra7 Rb5 71. Kf3 Rb3+ 72. Kf4 Rb1 73. Ra6+ Ke7 74. Kf3 Rd1 75. Ra3 Ke6 76. Rb3 Ke5 77. Ra3 Rd2 78. Ra5+ Rd5 79. Ra3 f6 80. Rb3 g5 81. hxg5 fxg5 82. Rb2 g4+ 83. Kg2 Ke4 84. Re2+ Kd3 85. Re8 Kd4 86. Ra8 Ke4 87. Re8+ Re5 88. Ra8 Rd5 89. Re8+ Kd3 90. Kf2 Kc2 91. Rc8+ Kd1 92. Rc7 Rd2+ 93. Kf1 Rd5 94. Rc8 Kd2 95. Kf2 Kd3 96. Ra8 Rf5+ 97. Kg2 Rc5 98. Rd8+ Ke4 99. Re8+ Re5 100. Ra8 Kd3 101. Ra3+ Kc2 102. Ra2+ Kc3 103. Ra3+ Kb2 104. Ra8 Rc5 105. Rb8+ Kc1 106. Rd8 Kc2 107. Rd7 Kc3 108. Rd8 Kc4 109. Rd7 Rd5 110. Rc7+ Kd3 111. Ra7 Ke3 112. Re7+ Kd4 113. Re8 Re5 114. Rd8+ Ke3 115. Ra8 Ke4 116. Rb8 Kd3 117. Rd8+ Ke3 118. Ra8 Kd4 119. Rd8+ Kc5 120. Rc8+ Kd6 121. Rd8+ Ke7 122. Ra8 Kf6 123. Rf8+ Kg7 124. Ra8 Re2+ 1/2-1/2

[Event "Oberliga Ost A"]
[Site "?"]
[Date "2023.02.04"]
[Round "6.2"]
[White "Pikalow, Michael"]
[Black "Matthey, Harald"]
[Result "1-0"]
[WhiteElo "2006"]
[BlackElo "2132"]
[PlyCount "55"]
[EventDate "2022.09.18"]
[EventType "team-tourn"]
[EventCountry "GER"]
[WhiteTeam "Dessau SK"]
[BlackTeam "Magdeburg USC"]
[WhiteTeamCountry "GER"]
[BlackTeamCountry "GER"]

1. e4 g6 2. d4 Bg7 3. Nc3 a6 4. h4 d6 5. h5 Nf6 6. h6 Bf8 7. Bg5 c6 8. Qf3 Be6 9. Nh3 Nbd7 10. Nf4 Bg4 11. Qe3 e5 12. Nd3 Be7 13. dxe5 dxe5 14. Qg3 Be6 15. Nxe5 Nh5 16. Bxe7 Qxe7 17. Qh2 O-O-O 18. Nxc6 Qc5 19. Nxd8 Kxd8 20. Be2 Nhf6 21. Qf4 Qb4 22. O-O-O Re8 23. Rd2 Qa5 24. a3 Ng8 25. Rhd1 Ne7 26. Bg4 f5 27. exf5 Nxf5 28. Bxf5 1-0

[Event "Oberliga Ost A"]
[Site "?"]
[Date "2023.02.04"]
[Round "6.3"]
[White "Schubert, Ralf"]
[Black "Haubold, Sebastian Marcel"]
[Result "1-0"]
[WhiteElo "2080"]
[BlackElo "1956"]
[PlyCount "119"]
[EventDate "2022.09.18"]
[EventType "team-tourn"]
[EventCountry "GER"]
[WhiteTeam "Magdeburg USC"]
[BlackTeam "Dessau SK"]
[WhiteTeamCountry "GER"]
[BlackTeamCountry "GER"]

1. d4 Nf6 2. c4 g6 3. Nc3 Bg7 4. e4 d6 5. f4 O-O 6. Nf3 c5 7. d5 e6 8. dxe6 fxe6 9. Bd3 Nc6 10. O-O Nd4 11. Qe1 Nh5 12. Ng5 h6 13. Nh3 e5 14. f5 gxf5 15. exf5 Bxf5 16. Bxf5 Rxf5 17. Rxf5 Nxf5 18. Qe4 Qd7 19. Nd5 Rf8 20. Nf2 Nd4 21. Bxh6 Bxh6 22. Qg6+ Qg7 23. Ne7+ Kh8 24. Qxh5 Kh7 25. Ng4 Ne2+ 26. Kh1 Nf4 27. Qxh6+ Qxh6 28. Nxh6 Kxh6 29. Rf1 Rd8 30. g3 Nd3 31. b3 e4 32. Nd5 Kg7 33. Kg2 Re8 34. Ne3 Re6 35. h4 a6 36. g4 b5 37. g5 Kg6 38. Kg3 b4 39. Rf8 Ne5 40. Nd5 Kg7 41. Ra8 Nf3 42. Ra7+ Kf8 43. Nf4 Re8 44. Rxa6 Nd4 45. Ng2 e3 46. Ne1 e2 47. Kf2 Re4 48. Rxd6 Rxh4 49. Rd5 Rf4+ 50. Ke3 Rf1 51. Kd2 Rf7 52. Rxc5 Ra7 53. Ke3 Rxa2 54. Kxd4 Ra1 55. Nd3 e1=Q 56. Nxe1 Rxe1 57. Rf5+ Kg7 58. Kc5 Kg6 59. Rd5 Rb1 60. Kxb4 1-0

[Event "Oberliga Ost A"]
[Site "?"]
[Date "2023.02.04"]
[Round "6.4"]
[White "Haubold, Christian Lucas"]
[Black "Mirschinka, Dirk"]
[Result "0-1"]
[WhiteElo "1935"]
[BlackElo "2196"]
[PlyCount "90"]
[EventDate "2022.09.18"]
[EventType "team-tourn"]
[EventCountry "GER"]
[WhiteTeam "Dessau SK"]
[BlackTeam "Magdeburg USC"]
[WhiteTeamCountry "GER"]
[BlackTeamCountry "GER"]

1. e4 d6 2. d4 Nf6 3. Nc3 c6 4. f3 e5 5. Be3 Be7 6. Qd2 O-O 7. g4 b5 8. a3 Bb7 9. d5 cxd5 10. exd5 a6 11. Bh3 Nbd7 12. g5 Nh5 13. Bg4 Nf4 14. Bxf4 exf4 15. Bxd7 Qxd7 16. Qxf4 f6 17. g6 hxg6 18. h4 Rac8 19. Nge2 Rc4 20. Qe3 Re8 21. h5 Bd8 22. Qg1 gxh5 23. Rxh5 Rxc3 24. bxc3 Rxe2+ 25. Kxe2 Qe8+ 26. Qe3 Qxh5 27. Qe6+ Qf7 28. Qxd6 Qe7+ 29. Qe6+ Kf8 30. Rh1 Qxe6+ 31. dxe6 Bd5 32. Rh8+ Ke7 33. Rh7 Kxe6 34. Rxg7 Be7 35. Rg8 a5 36. Re8 Kd7 37. Rb8 Bxa3 38. Kd2 Bc4 39. Rb7+ Ke6 40. Rb6+ Kf5 41. Ra6 a4 42. Kd1 Bb2 43. Kd2 a3 44. Rd6 a2 45. Rd4 Bc1+ 0-1

[Event "Oberliga Ost A"]
[Site "?"]
[Date "2023.02.04"]
[Round "6.7"]
[White "Leibovitch, Iziaslav"]
[Black "Hanisch, Klaus"]
[Result "1-0"]
[WhiteElo "2064"]
[BlackElo "2069"]
[PlyCount "103"]
[EventDate "2022.09.18"]
[EventType "team-tourn"]
[EventCountry "GER"]
[WhiteTeam "Magdeburg USC"]
[BlackTeam "Dessau SK"]
[WhiteTeamCountry "GER"]
[BlackTeamCountry "GER"]

1. g3 Nf6 2. Bg2 e6 3. d3 c5 4. e4 d5 5. Nd2 Nc6 6. Ngf3 dxe4 7. dxe4 Be7 8. O-O O-O 9. Re1 Qc7 10. c3 b6 11. Qc2 Ba6 12. Qa4 Bd3 13. e5 b5 14. Qd1 Ne8 15. Nb3 Rd8 16. Bf4 Qc8 17. Qc1 f6 18. exf6 gxf6 19. Bh3 Bc4 20. Qe3 Ng7 21. Rad1 Rxd1 22. Rxd1 Rd8 23. Rxd8+ Qxd8 24. Nfd2 e5 25. Bh6 Be6 26. Bxe6+ Nxe6 27. Qf3 Qd7 28. Ne4 Kf7 29. Qh5+ Kg8 30. Qg4+ Kf7 31. Qf5 Nf8 32. Qh5+ Ng6 33. Nbxc5 Bxc5 34. Nxc5 Qd5 35. Be3 Kg7 36. Qf5 Nce7 37. Qe6 Qxe6 38. Nxe6+ Kf7 39. Nc7 b4 40. cxb4 Nc6 41. Bc5 a6 42. Nxa6 Ke6 43. b5 Nd8 44. Nc7+ Kd7 45. Nd5 Ke6 46. Nc3 f5 47. a4 Nb7 48. b4 Ne7 49. a5 Nc8 50. a6 Nxc5 51. bxc5 Kd7 52. Kf1 1-0

[Event "Oberliga Ost A"]
[Site "?"]
[Date "2023.02.04"]
[Round "6.8"]
[White "Schroeter, Lucas"]
[Black "Schaefer, Sven"]
[Result "1/2-1/2"]
[WhiteElo "1882"]
[BlackElo "1985"]
[PlyCount "38"]
[EventDate "2022.09.18"]
[EventType "team-tourn"]
[EventCountry "GER"]
[WhiteTeam "Dessau SK"]
[BlackTeam "Magdeburg USC"]
[WhiteTeamCountry "GER"]
[BlackTeamCountry "GER"]

1. e4 c5 2. Nf3 d6 3. d4 cxd4 4. Nxd4 Nf6 5. Nc3 g6 6. Be3 Bg7 7. f3 O-O 8. Qd2 Nc6 9. O-O-O d5 10. exd5 Nxd5 11. Nxc6 bxc6 12. Bd4 Bxd4 13. Qxd4 Qb6 14. Na4 Qc7 15. Bc4 Nb6 16. Bb3 Nxa4 17. Bxa4 c5 18. Qe3 Be6 19. h4 Rfd8 1/2-1/2

[Event "Oberliga Ost A"]
[Site "?"]
[Date "2023.02.04"]
[Round "6.1"]
[White "Hoepfl, Thomas"]
[Black "Dahl, Christoph"]
[Result "1-0"]
[WhiteElo "2265"]
[BlackElo "2368"]
[PlyCount "107"]
[EventDate "2022.09.18"]
[EventType "team-tourn"]
[EventCountry "GER"]
[WhiteTeam "Magdeburg USC"]
[BlackTeam "Dessau SK"]
[WhiteTeamCountry "GER"]
[BlackTeamCountry "GER"]

1. e4 c5 2. Nf3 d6 3. d4 cxd4 4. Nxd4 Nf6 5. Nc3 a6 6. f4 e5 7. Nf3 Qc7 8. a4 Nc6 9. Bd3 Be7 10. O-O O-O 11. Kh1 b6 12. Nh4 exf4 13. Bxf4 Ne5 14. Bg5 Bb7 15. Nf5 Bd8 16. Qd2 Nfd7 17. Rae1 Nc5 18. Bf4 Bf6 19. Ne3 Qd8 20. Ned5 Ng6 21. Nxf6+ Qxf6 22. Bc4 Nxf4 23. Rxf4 Qe7 24. Ref1 Ne6 25. Rf5 Rac8 26. Bb3 Rc5 27. Bd5 Nd8 28. b4 Rc7 29. Bxb7 Rxb7 30. Qd3 Nc6 31. Nd5 Qd8 32. Qxa6 Ra7 33. Qxb6 Qxb6 34. Nxb6 Nxb4 35. c3 Na2 36. R1f3 Rb8 37. a5 Rc7 38. Nd5 Ra7 39. h3 Nc1 40. e5 dxe5 41. Rxe5 Rba8 42. Rfe3 f6 43. Re8+ Kf7 44. R3e7+ Rxe7 45. Rxa8 Re1+ 46. Kh2 Nd3 47. a6 Ra1 48. a7 Ne5 49. Nxf6 Kg6 50. Nxh7 Kxh7 51. Re8 Ng4+ 52. Kg3 Rxa7 53. Kxg4 Rc7 54. Re3 1-0